The Only Two Countries ... - Statistics

General Stats
  • This quiz has been taken 10,632 times
  • The average score is 16 of 24
Answer Stats
The Only Two Countries that... Country % Correct
border Sweden Norway
98%
border Sweden Finland
97%
end in "guay" Paraguay
97%
end in "guay" Uruguay
97%
are completely surrounded by Italy Vatican City
97%
start with a Z Zimbabwe
97%
have a Hindu majority India
96%
start with a Z Zambia
96%
are completely surrounded by Italy San Marino
95%
rule over Andorra France
94%
rule over Andorra Spain
94%
are doubly landlocked Liechtenstein
84%
share the island of Hispaniola Dominican Republic
81%
share the island of Hispaniola Haiti
80%
have a Hindu majority Nepal
77%
intend to leave UNESCO United States
51%
are doubly landlocked Uzbekistan
49%
have a 5-word JetPunk name Democratic Republic of the Congo
47%
have a 5-word JetPunk name Saint Vincent and the Grenadines
21%
intend to leave UNESCO Israel
18%
have the Leopard as their national animal Rwanda
14%
have the Leopard as their national animal Somalia
8%
don't have an English JetPunk quiz about them Mauritius
7%
don't have an English JetPunk quiz about them St. Lucia
7%
No matching quizzes found
Score Distribution
Percent of People with Each Score
Percentile by Number Answered
Your Score History
You have not taken this quiz